Picasso [katalog výstavy] : das plastische Werk : Katalog zur Austellung Picasso Platiken : Nationalgalerie Berlin, Staatliche Museen Preussischer Kulturbesitz 7.10.-27.11.1983, Kunsthalle Düsseldorf, 11.12.1983-29.1.1984. Werkzeichnis der Skulpturen in Zsarb. mit Christine Piot

Hlavní autor: Spies, Werner, 1937-
Jazyk: Němčina
Vydáno: Stuttgart : G. Hatje, 1983
Fyzický popis: 424 s.
Knihy
Uloženo v:
LEADER 00908nam a22002292a 4500
001 000384270
003 CZ BrMZK
005 20071022064944.0
007 ta
008 980105s1983 gw f ger d
040 |a BOA001  |b cze 
080 9 |a 730(44)"19":92 Picasso 
100 1 |a Spies, Werner,  |d 1937-  |7 jx20081211034  |4 aut 
245 1 0 |a Picasso  |b [katalog výstavy] : das plastische Werk : Katalog zur Austellung Picasso Platiken : Nationalgalerie Berlin, Staatliche Museen Preussischer Kulturbesitz 7.10.-27.11.1983, Kunsthalle Düsseldorf, 11.12.1983-29.1.1984. Werkzeichnis der Skulpturen in Zsarb. mit Christine Piot 
260 |a Stuttgart :  |b G. Hatje,  |c 1983 
300 |a 424 s. 
500 |a Frontispis 
504 |a Obsahuje bibliografii 
910 |a BOA001  |b 4-0890.085 
990 |a BK 
991 |b 200710 
996 6 |b 2619819239  |c 4-0890.085  |l MZK  |r Sklad / do 1 hodiny  |n 5  |w 000384270  |u 000010  |a 1  |e BOA001  |j MZK50  |s P